La communication - Gestion de conflits - Statistiques

Statistiques générales
  • Ce quiz a été pris 12 fois
  • Le résultat moyen est 4 sur 6
Statistiques - réponses
Question Réponse % Correct
Quelle méthode est essentielle pour comprendre les causes profondes d’un conflit ? L’écoute active et la reformulation des propos
83%
Quelle action est essentielle pour renforcer les relations après un conflit ? Organiser un suivi pour évaluer les progrès
83%
Pourquoi est-il important de clarifier les attentes et les rôles ? Pour éviter les malentendus et les conflits latents
83%
Quelle phrase représente une bonne pratique de reformulation ? Si je comprends bien, vous souhaitez dire que…
83%
L’écoute active comprend les actions suivantes, sauf : Donner des solutions immédiates sans discussion
50%
Que permet d’identifier une communication proactive ? Les signaux faibles de désaccord ou de malaise
17%
Aucun quiz correspondant
Distribution des résultats
% des personnes avec chaque résultat
Percentile par nombre de réponses
Votre historique - résultats
Vous n’avez pas pris ce quiz